| 000 | 00988cab a2200277 4500 | ||
|---|---|---|---|
| 001 | ABS58596 | ||
| 008 | 090401t1998 xxu||||| |||| 00| 0 eng d | ||
| 035 | _a(Sirsi) u85986 | ||
| 041 | _aeng | ||
| 100 | _aBoston, C. | ||
| 245 | 4 | _aThe value of security | |
| 260 | _c1998 | ||
| 350 | _a0 | ||
| 490 |
_aEstates Gazette _v(9814) 4 April 1998, 122-124(3) |
||
| 520 | _aConsiders the issues affecting the value of short leases that tenants should be aware of when seeking to enfranchise or extend their lease. Discussed under the headings of valuation of freehold reversions and valuing leasehold interests. | ||
| 650 | _aFREEHOLD REVERSIONS | ||
| 650 | _aLANDLORD AND TENANT ACT 1954 PART I | ||
| 650 | _aLEASEHOLD ENFRANCHISEMENT | ||
| 650 | _aLEASEHOLD INTERESTS | ||
| 650 | _aLOCAL GOVERNMENT AND FINANCE ACT 1989 S186 | ||
| 650 | _aSHORT LEASES | ||
| 650 | _aVALUATION ISSUES | ||
| 690 | _aLANDLORD AND TENANT-LEASEHOLD REFORM | ||
| 942 | _n0 | ||
| 948 | _c05/05/1998 | ||
| 999 |
_c54100 _d54100 |
||